Le vieillissement et l'appréhension du phénomène criminel /
Saved in:
| Main Author: | |
|---|---|
| Corporate Author: | |
| Other Authors: | , |
| Format: | Book |
| Language: | French |
| Published: |
[Montréal] :
Centre international de criminologie comparée, Université de Montréal,
1989.
|
| Series: | Cahiers de recherches criminologiques.
|
| Subjects: | |
| Tags: |
Add Tag
No Tags, Be the first to tag this record!
|
| LEADER | 01416cam a2200361 a 4500 | ||
|---|---|---|---|
| 001 | 005291319-8 | ||
| 005 | 20051028093959.0 | ||
| 008 | 900418s1989 quca bs 000 0 fre d | ||
| 016 | |a 980124239 | ||
| 035 | 0 | |a ocm39678964 | |
| 040 | |a CaQMU |b fre |c NLC |d HVL | ||
| 043 | |a n-cn--- | ||
| 050 | 4 | |a HV6250.4.A34 |b L34x 1989 | |
| 055 | 0 | 2 | |a HV6250.4* |
| 082 | 0 | |a 362.88/084/60971 |2 21 | |
| 100 | 1 | |a Laflamme-Cusson, Suzanne. | |
| 245 | 1 | 3 | |a Le vieillissement et l'appréhension du phénomène criminel / |c par Suzanne Laflamme-Cusson et Micheline Baril ; avec la participation de Marie Beaulieu. |
| 260 | |a [Montréal] : |b Centre international de criminologie comparée, Université de Montréal, |c 1989. | ||
| 300 | |a vi, 218 leaves : |b ill. ; |c 28 cm. | ||
| 490 | 1 | |a Cahiers de recherches criminologiques | |
| 500 | |a "Mars 1989." | ||
| 500 | |a At head of title: Centre international de criminologie comparée, Université de Montréal. | ||
| 504 | |a Includes bibliographical references (leaves 135-137). | ||
| 650 | 0 | |a Older people |x Crimes against |z Canada. | |
| 650 | 0 | |a Older people |x Abuse of |z Canada. | |
| 650 | 0 | |a Older people |z Canada |x Attitudes. | |
| 650 | 0 | |a Social surveys |z Canada. | |
| 700 | 1 | |a Baril, Micheline. | |
| 700 | 1 | |a Beaulieu, Marie, |d 1961- | |
| 710 | 2 | |a International Centre for Comparative Criminology. | |
| 830 | 0 | |a Cahiers de recherches criminologiques. | |
| 988 | |a 20020608 | ||
| 906 | |0 OCLC | ||


